Technológia I. : sústružník : technológia pre 1. ročník OU a UŠ /

Hlavní autor: Janyš, Bohumil, 1907-1983
Další autoři: Raftl, Karel
Jazyk: Slovenština
Vydáno: Bratislava : Alfa, 1974
Vydání: 2. vyd.
Edice: Edícia strojárskej literatúry (Alfa)
Fyzický popis: 169 s.
Knihy
Uloženo v:
LEADER 00940nam a22002772a 4500
001 001304058
003 CZ BrMZK
005 20130625152922.0
007 ta
008 130619s1974 xo er|||||||||||slo d
040 |a BOA001  |b cze 
041 1 |a slo  |h cze 
100 1 |a Janyš, Bohumil,  |d 1907-1983  |7 jk01051189  |4 aut 
245 1 0 |a Technológia I. :  |b sústružník : technológia pre 1. ročník OU a UŠ /  |c Bohumil Janyš, Karel Raftl 
250 |a 2. vyd. 
260 |a Bratislava :  |b Alfa,  |c 1974 
300 |a 169 s. 
490 1 |a Edícia strojárskej literatúry 
500 |a Přeloženo z češtiny 
700 1 |a Raftl, Karel  |7 jx20041104032  |4 aut 
765 0 |t Soustružník, technologie pro 1. ročník OU a UŠ  |9 Slovensky 
830 0 |a Edícia strojárskej literatúry (Alfa)  |0 s 
910 |a BOA001  |b 2-0647.728-74 
990 |a BK 
991 |b 201306 
996 7 |b 2619666997  |c 2-0647.728-74  |l HP2  |r DEN  |n 0  |w 001338788  |u 000010  |a 1  |e BOA001  |j MZK50  |s A